Catalog

Record Details

Catalog Search



Česká společnost v transformaci : k proměnám sociální struktury  Cover Image Book Book

Česká společnost v transformaci : k proměnám sociální struktury / Pavel Machonin a kol.

Record details

  • ISBN: 80-85850-17-6
  • Physical Description: 364 s. : il. ; 24 cm
  • Edition: Vyd. 1.
  • Publisher: Praha : Sociologické nakladatelství, 1996

Content descriptions

General Note:
Angl. res.
Souběž. angl. obsah
Tab.
Pozn. o autorech
Bibliography, etc. Note:
Bibliogr.
Subject: Česko > sociální struktura > 1993-1995
Československo > sociální struktura > 1967-1992
Československo > sociální transformace > 1989-
Genre: sborníky
výzkumné zprávy

Available copies

  • 1 of 1 copy available at Common Catalog SPOK.

Holds

  • 0 current holds with 1 total copy.
Show Only Available Copies
Location Call Number / Copy Notes Barcode Shelving Location Status Due Date
Jabok Library Soc-1.6 424480014999 Odborná literatura Available -

LDR 01721nam a2200493 a 4500
0011542
003CZ-PrJAB
00520220419140804.0
007tu
008970219s1996 xr a e 000 0 cze
015 . ‡acnb000165037
020 . ‡a80-85850-17-6 ‡q(brož.) : ‡cKč 196,00
035 . ‡a(CZ PrNK)cpk19960165037
035 . ‡a(OCoLC)36704733
040 . ‡aABA001 ‡bcze
0410 . ‡acze ‡beng
043 . ‡ae-xr--- ‡ae-cs---
045 . ‡ax6x9
072 7. ‡a316.3 ‡xGlobální společnosti. Sociální struktura. Sociální skupiny ‡2Konspekt ‡918
080 . ‡a316.4 ‡2undef
080 . ‡a316.3 ‡2undef
1001 . ‡aMachonin, Pavel, ‡d1927-2008 ‡7jk01073027 ‡4aut
24510. ‡aČeská společnost v transformaci : ‡bk proměnám sociální struktury / ‡cPavel Machonin a kol.
250 . ‡aVyd. 1.
260 . ‡aPraha : ‡bSociologické nakladatelství, ‡c1996
300 . ‡a364 s. : ‡bil. ; ‡c24 cm
4901 . ‡aStudie ; ‡vsv. 11
500 . ‡aAngl. res.
500 . ‡aSouběž. angl. obsah
500 . ‡aTab.
500 . ‡aPozn. o autorech
504 . ‡aBibliogr.
648 4. ‡a1967-1992
648 7. ‡aod 1989 ‡7ch462156 ‡2czenas
648 4. ‡a1993-1995
651 7. ‡aČesko ‡7ge128065 ‡xsociální struktura ‡y1993-1995 ‡2czenas
651 7. ‡aČeskoslovensko ‡7ge131689 ‡xsociální struktura ‡y1967-1992 ‡2czenas
651 7. ‡aČeskoslovensko ‡7ge131689 ‡xsociální transformace ‡y1989- ‡2czenas
655 7. ‡asborníky ‡7fd163935 ‡2czenas
655 7. ‡avýzkumné zprávy ‡7fd131869 ‡2czenas
830 0. ‡aStudie (Sociologické nakladatelství)
910 . ‡aABG312
901 . ‡a1542 ‡bUnknown ‡c1542 ‡tbiblio

Additional Resources